Представление документа в формате RUSMARC

ПолеНазваниеЗначение
  Тип записи a
  Библиографический уровень m
001 Контрольный номер UONB/MAIN/7e7e8514007f4ccebec042d087daec68
005 Дата корректировки 20260428162808.9
010 Индекс ISBN __
b Уточнения в пер.
d Цена 12 к.
9 Тираж 1750 экз.
100 Данные общей обработки __
a Данные общей обработки 20260428d1971 u y0rusy0189 ca
101 Язык документа 0_
a Язык текста rus
102 Страна публикации __
a Страна публикации RU
105 Кодированные данные (монография) __
a Кодированные данные (монография) a z 001yy
200 Заглавие и сведения об ответственности 1_
a Заглавие Конструктор и ремонтопригодность машин
e Сведения, относящиеся к заглавию материалы лекций, прочитанных в Политехническом музее на семинаре по надежности и прогрессивным методам контроля качества продукции
f Первые сведения об ответственности Л. Я. Шухгальтер
g Последующие сведения об ответственности Всесоюзное общество "Знание", Политехнический музей [и др.]
203 Вид содержания и тип средства __
a Вид содержания Текст
b Характеристика содержания визуальный
c Тип средства непосредственный
210 Выходные данные 1_
a Место издания Москва
c Издательство Знание
d Дата издания 1971
215 Физическое описание __
a Объем 58 с.
c Иллюстрации/тип воспроизводства ил., черт.
d Формат 19 см
320 Библиография __
a Библиография Библиогр.: с. 56-57
606 Тематические рубрики 0_
a Основная рубрика Машины
x Основная подрубрика Ремонтопригодность
610 Ключевые слова 0_
a Ключевые слова машины; ремонтопригодность машин; контроль качества в машиностроении; материалы лекций
675 Индекс УДК __
a Индекс УДК 621
686 Индексы других классификаций __
a Классификационный индекс 34
2 Код системы rubbk
700 Автор _1
a Фамилия Шухгальтер
b Имя (инициалы) Л. Я.
g Полное личное имя Лев Яковлевич
801 Источник записи _0
a Страна RU
b Организация Ульяновская ОНБ
c Дата составления 20260428
g Правила каталогизации RCR
801 Источник записи _1
a Страна RU
b Организация Ульяновская ОНБ
c Дата составления 20260428
g Правила каталогизации RCR
901 Тип документа __
t Тип документа m
909 Создатель записи __
a Создатель записи Королева
b Дата создания записи 20260428